| 000 | 01000nas a2200277 4500 | ||
|---|---|---|---|
| 001 | BR2012009906 | ||
| 003 | BR-BrBNA | ||
| 005 | 20231205121727.0 | ||
| 007 | ta | ||
| 008 | 230509b bl.|||p| |||| 00| 00por d | ||
| 040 |
_aBR-BrBNA _bpor _cBiblioteca Nacional de Agricultura |
||
| 041 | _a(Pt) | ||
| 072 | _aF50 | ||
| 100 | 1 | _aAviz, D. | |
| 100 | 1 | _aMello, C.F. de | |
| 100 | 1 | _aSilva, P.F. da | |
| 245 | 1 | _aMacrofauna associada às galerias de Neoteredo reynei (Bartsch, 1920)(Mollusca: Bivalvia)em troncos de Rhizophora mangle Linnaeus durante o período menos chuvoso, em manguezal de São Caetano de Odivelas, Pará (Costa norte do Brasil) | |
| 650 | _aMOLUSCO | ||
| 650 | _aAMOSTRA | ||
| 650 | _aRHIZOPHORA MANGLE | ||
| 650 | _aFAUNA | ||
| 650 | _aSALINIDADE | ||
| 773 | 0 |
_tBoletim do Museu Paraense Emílio Goeldi. Ciências Naturais (Brazil) _xISSN 1981-8114 _g(Jan-Apr 2009), v. 4(1) p. 47-55 _wBR2012009906 |
|
| 909 |
_a202311 _bLúcia _c55 _dLúcia Elande |
||
| 942 |
_2AGRIS _n0 _cANA |
||
| 999 |
_c224936 _d224936 |
||